The common sense of political economy, and selected papers and reviews on economic theory / (Record no. 134583)

MARC details
000 -LEADER
campo de control de longitud fija 00591nam a2200169 i 4500
001 - NÚMERO DE CONTROL
campo de control 134583
003 - IDENTIFICADOR DE NÚMERO DE CONTROL
campo de control ES-MaACL
005 - FECHA Y HORA DE LA ÚLTIMA TRANSACCIÓN
campo de control 20230906194714.0
007 - CAMPO FIJO DE DESCRIPCIÓN FÍSICA--INFORMACIÓN GENERAL
campo de control de longitud fija t|
008 - DATOS DE LONGITUD FIJA--INFORMACIÓN GENERAL
campo de control de longitud fija 070912s1933 xxk ||||1| eng d
100 1# - ENTRADA PRINCIPAL--NOMBRE DE PERSONA
Nombre de persona Wicksteed, Philip Henry.
9 (RLIN) 116743
245 14 - MENCIÓN DEL TÍTULO
Título The common sense of political economy, and selected papers and reviews on economic theory /
Mención de responsabilidad, etc. edited with an introduction by Lionel Robbins.
260 ## - PUBLICACIÓN, DISTRIBUCIÓN, ETC.
Lugar de publicación, distribución, etc. London :
Nombre del editor, distribuidor, etc. George Routledge,
Fecha de publicación, distribución, etc. 1933.
300 ## - DESCRIPCIÓN FÍSICA
Extensión 2 v. ;
Dimensiones 22 cm.
700 0# - ENTRADA AGREGADA--NOMBRE PERSONAL
Nombre de persona Robbins, Lionel Charles
Títulos y otros términos asociados al nombre , Baron (
Fechas asociadas al nombre 1898-1984)
9 (RLIN) 97789
852 ## - LOCALIZACIÓN
Ubicación ES-MaACL
Número de control de estantería A-3450-1
Holdings
Estatus retirado Estado de pérdida Estado de daño No para préstamo Biblioteca de origen Biblioteca actual Ubicación en estantería Fecha de adquisición Fuente de adquisición Total de préstamos Signatura topográfica completa Código de barras Visto por última vez Precio de reemplazo Tipo de ítem Koha
        Biblioteca del Ateneo de Madrid Biblioteca del Ateneo de Madrid Sala Pecera Planta 1 17/01/2008     A-3450-1 1140083 23/02/2023 23/02/2023 Libro impreso